FIFA World Cup Final Matches - Statistics

General Stats
  • This quiz has been taken 149 times
    44 since last reset
  • The average score is 28 of 34
Answer Stats
Question Answer % Correct
Who scored the winning goal in extra time in the 2010 World Cup final for Spain? Andrés Iniesta
100%
Who did Germany beat in the 2014 World Cup final after extra time? Argentina
100%
Which national team retained the Jules Rimet Trophy permanently after winning the 1970 World Cup? Brazil
100%
Who won the World Cup as a player in 1998 and as a coach in 2018? Didier Deschamps
100%
Who was English goalkeeper in the 1966 World Cup final? Gordon Banks
100%
Who scored a hat-trick in 2022 FIFA World Cup final? Kylian Mbappe
100%
In the 2006 World Cup final, France's Zinedine Zidane was shown a red card after headbutting which Italian player? Marco Materazzi
100%
Who scored the winning goal in extra time in the 2014 World Cup final for Germany? Mario Götze
100%
Who scored two goals for Argentina in the 1978 World Cup final? Mario Kempes
100%
Who missed the decisive penalty for Italy in the 1994 World Cup final? Roberto Baggio
100%
Which player was not a member of the Brazilian team that won the 2002 World Cup? Romario
100%
Who scored both goals for Brazil in the 2002 World Cup final? Ronaldo
100%
Which nation hosted the 1958 World Cup and lost the final game against Brazil? Sweden
100%
Which country was the host and the winner of the first ever World Cup in 1930? Uruguay
100%
Who scored two goals for France in the 1998 World Cup final? Zinedine Zidane
100%
What was the final score in the 1950 World Cup final? 2-1 Uruguay won
75%
Who was the coach of French national team when they won the 1998 World Cup? Aimé Jacquet
75%
Who scored the only goal in the 1990 World Cup final? Andreas Brehme
75%
Who did West Germany beat in the 1990 World Cup final? Argentina
75%
Who did Italy defeat in the 1934 World Cup final? Czechoslovakia
75%
Who did Brazil beat in the 1962 World Cup final? Czechoslovakia
75%
Who did not score a goal for Argentina in the 1986 World Cup final against West Germany? Diego Maradona
75%
Which team scored the controversial goal in the 1966 final when the ball hit the crossbar and bounced down to the line? England
75%
Who was the coach of Italian national team when they won the 1982 World Cup? Enzo Bearzot
75%
Who was the captain of the Croatian national team, the finalist of the 2018 World Cup? Luka Modrić
75%
Who was Argentinian goalkeeper in the 1986 World Cup final? Nery Pumpido
75%
Who was German goalkeeper in the 1974 World Cup final? Sepp Maier
75%
Who was the coach of Spanish national team when they won the 2010 World Cup? Vicente del Bosque
75%
Which national team beat the heavily favoured Golden Team of Hungary 3-2 in 1954 World Cup final? West Germany
75%
Who scored the winning penalty for Italy in the 2006 World Cup final? Fabio Grosso
50%
Which country was the host of the 1938 World Cup final? France
50%
Who did Italy defeat in the 1938 World Cup final? Hungary
50%
Who was the coach of Brazilian national team when they won the 2002 World Cup? Luiz Felipe Scolari
50%
Who scored the only goal in the 1982 World Cup final for defeated West Germany? Paul Breitner
50%
No matching quizzes found
Score Distribution
Percent of People with Each Score
Percentile by Number Answered
Your Score History
You have not taken this quiz since the last reset